<?xml version="1.0" encoding="UTF-8"?><?xml-stylesheet type="text/xsl" href="static/style.xsl"?><OAI-PMH xmlns="http://www.openarchives.org/OAI/2.0/" xmlns:xsi="http://www.w3.org/2001/XMLSchema-instance" xsi:schemaLocation="http://www.openarchives.org/OAI/2.0/ http://www.openarchives.org/OAI/2.0/OAI-PMH.xsd"><responseDate>2026-04-27T12:40:46Z</responseDate><request verb="GetRecord" identifier="oai:uvadoc.uva.es:10324/30224" metadataPrefix="marc">https://uvadoc.uva.es/oai/request</request><GetRecord><record><header><identifier>oai:uvadoc.uva.es:10324/30224</identifier><datestamp>2021-06-29T21:45:06Z</datestamp><setSpec>com_10324_38</setSpec><setSpec>col_10324_852</setSpec></header><metadata><record xmlns="http://www.loc.gov/MARC21/slim" xmlns:doc="http://www.lyncode.com/xoai" xmlns:xsi="http://www.w3.org/2001/XMLSchema-instance" xmlns:dcterms="http://purl.org/dc/terms/" xsi:schemaLocation="http://www.loc.gov/MARC21/slim http://www.loc.gov/standards/marcxml/schema/MARC21slim.xsd">
<leader>00925njm 22002777a 4500</leader>
<datafield tag="042" ind1=" " ind2=" ">
<subfield code="a">dc</subfield>
</datafield>
<datafield tag="720" ind1=" " ind2=" ">
<subfield code="a">Díez Llamazares, Lucía</subfield>
<subfield code="e">author</subfield>
</datafield>
<datafield tag="720" ind1=" " ind2=" ">
<subfield code="a">García Córdoba, María José</subfield>
<subfield code="e">author</subfield>
</datafield>
<datafield tag="260" ind1=" " ind2=" ">
<subfield code="c">2018</subfield>
</datafield>
<datafield tag="520" ind1=" " ind2=" ">
<subfield code="a">La enfermedad celiaca (EC) es un trastorno autoinmune que courre en individuos&#xd;
genéticamente predispuestos, desencadenado por la exposición al glúten. Aunque&#xd;
en un principio es una enfermedad del intestino delgado, con frecuencia afecta a&#xd;
otros órganos tanto dentro como fuera del aparato digestivo. El tratamiento efectivo&#xd;
es la dieta sin gluten (DSG).&#xd;
Para determinar qué manifestaciones extraintestinales deben hacer sospechar EC&#xd;
se realiza una revisión sistemática en la base de datos Pubmed, de los artículos&#xd;
publicados en los últimos diez años, tomando como palabras clave “celiac disease” y&#xd;
“extraintestinal manifestations”.&#xd;
Es una enfermedad aún infradiagnosticada. Actualmente la búsqueda de casos de&#xd;
EC en un gran número de situaciones clínicas es cada vez más frecuente. No sólo&#xd;
los síntomas digestivos deben hacer sospechar esta enfermedad, sino también otros&#xd;
que cada vez se presentan de una forma más frecuente, como el fallo de medro en&#xd;
los niños, la anemia, la fatiga y la pérdida de peso en cualquier edad, incluso en&#xd;
casos de infertilidad. También es necesario hacer el despistaje de la EC en&#xd;
patologías asociadas como son la tiroiditis autoinmune y diabetes mellitus tipo I. LA&#xd;
sospecha de esta enfermedad es de especial importancia en los casos de dermatitis&#xd;
herpetiforme y ataxia por gluten, que están asociados a autoinmunidad, ya que&#xd;
pueden simular otras patologías y la DSG mejora la sintomatología.</subfield>
</datafield>
<datafield tag="024" ind2=" " ind1="8">
<subfield code="a">http://uvadoc.uva.es/handle/10324/30224</subfield>
</datafield>
<datafield tag="245" ind1="0" ind2="0">
<subfield code="a">Manifestaciones extraintestinales de la enfermedad celíaca</subfield>
</datafield>
</record></metadata></record></GetRecord></OAI-PMH>